Vybrané metódy hodnotenia imidžu územných subjektov

Realizácia a vyhodnotenie výskumu imidžu územných subjektov v jednotlivých regiónoch Slovenska. Stratégia pre efektívnu propagáciu Slovenska v zahraničí.

Gespeichert in:
Bibliographische Detailangaben
1. Verfasser: Ratkovská, Gabriela
Format: Buchkapitel
Sprache:Slowakisch
Schlagworte:
Tags: Tag hinzufügen
Keine Tags, Fügen Sie das erste Tag hinzu!

MARC

LEADER 00000naa$a2200000$$$4500
001 0115803
005 20240502072306.1
041 0 |a slo 
044 |a SK 
245 1 0 |a Vybrané metódy hodnotenia imidžu územných subjektov  |c Gabriela Ratkovská 
520 |a Realizácia a vyhodnotenie výskumu imidžu územných subjektov v jednotlivých regiónoch Slovenska. Stratégia pre efektívnu propagáciu Slovenska v zahraničí. 
610 2 0 |a Slovensko 
610 2 0 |a regióny 
610 2 0 |a mestá 
610 2 0 |a obce 
610 2 0 |a politika komunálna 
610 2 0 |a stratégia marketingová 
610 2 0 |a imidž 
610 2 0 |a propagácia 
100 1 |a Ratkovská, Gabriela